| 000 | 00804nam a2200181Ia 4500 | ||
|---|---|---|---|
| 008 | 090630s9999 xx 000 0 und d | ||
| 082 | _b17866 | ||
| 100 | _aजेम्स हॅडली चेस अनु. देखणे मनोहर. | ||
| 245 |
_aरुपेरी लकेर. _cजेम्स हॅडली चेस अनु. देखणे मनोहर. |
||
| 260 | _bगीता एजन्सीज. | ||
| 300 | _a215 | ||
| 600 | _aजेम्स हॅडली चेस अनु. देखणे मनोहर. | ||
| 630 | _aरुपेरी लकेर. | ||
| 655 | _aकादंबरी. | ||
| 700 | _aजेम्स हॅडली चेस अनु. देखणे मनोहर. | ||
| 730 | _aरुपेरी लकेर. | ||
| 942 | _cBOOK | ||
| 999 |
_c269722 _d269722 |
||